Bald and Loving It! Quiz Stats

 Plays Quiz Updated Dec 10, 2018

Support Sporcle.
Go Orange.
Score 0/20 Timer 03:00
0 Plays Today
Answer % Correct
Bruce Willis
92.3%
Dwayne Johnson
88.4%
Samuel L. Jackson
88.1%
Michael Jordan
87%
Vin Diesel
82.7%
Sean Connery
80.7%
Dr. Phil McGraw
79.5%
Shaquille O'Neal
77.7%
Patrick Stewart
62.8%
Howie Mandel
62.5%
Answer % Correct
Pitbull
57.6%
Jason Statham
57.3%
Andre Agassi
57.2%
John Malkovich
56.7%
Verne Troyer
53.7%
Larry David
51.6%
Montel Williams
51.3%
Moby
43.1%
Don Rickles
36.9%
Chris Daughtry
30.2%

From the Vault

The Mexico Quiz

by psubball1

We always like to refer to Mexico as Old Mexico whenever we can.
Remove Ads.
Support Sporcle.
Get the best of Sporcle when you Go Orange. This ad-free experience offers more features, more stats, and more fun while also helping to support Sporcle. Thank you for becoming a member.

Show Comments

Extras

Top Quizzes Today


Score Distribution

Your Account Isn't Verified!

In order to create a playlist on Sporcle, you need to verify the email address you used during registration. Go to your Sporcle Settings to finish the process.

Report this User

Report this user for behavior that violates our Community Guidelines.

Details: